MARC details
| 000 -LEADER |
| fixed length control field |
01357nam a2200373 4500 |
| 020 ## - INTERNATIONAL STANDARD BOOK NUMBER |
| International Standard Book Number |
9780007382637 |
| Qualifying information |
electronic bk. |
| 020 ## - INTERNATIONAL STANDARD BOOK NUMBER |
| International Standard Book Number |
0007382634 |
| Qualifying information |
electronic bk. |
| 020 ## - INTERNATIONAL STANDARD BOOK NUMBER |
| Cancelled/invalid ISBN |
9780007350988 |
| 020 ## - INTERNATIONAL STANDARD BOOK NUMBER |
| Cancelled/invalid ISBN |
0007350988 |
| 037 ## - SOURCE OF ACQUISITION |
| Stock number |
9780007382637 |
| Source of stock number/acquisition |
HarperCollins Publishers Ltd |
| 040 ## - CATALOGING SOURCE |
| Original cataloging agency |
TEFOD |
| Language of cataloging |
eng |
| Transcribing agency |
TEFOD |
| Modifying agency |
RECBK |
| -- |
OCLCO |
| -- |
TEFOD |
| -- |
TEF |
| -- |
Uk |
| Description conventions |
rda |
| -- |
pn |
| 042 ## - AUTHENTICATION CODE |
| Authentication code |
ukblsr |
| 050 #4 - LIBRARY OF CONGRESS CALL NUMBER |
| Classification number |
PR2823.A2 |
| 082 04 - DEWEY DECIMAL CLASSIFICATION NUMBER |
| Classification number |
822.33 |
| Edition number |
22 |
| 100 ## - MAIN ENTRY--PERSONAL NAME |
| Personal name |
Shakespeare, William, |
| Dates associated with a name |
1564-1616. |
| Relator term |
author. |
| 245 ## - TITLE STATEMENT |
| Title |
Macbeth / |
| Statement of responsibility, etc |
William Shakespeare ; general editor, R.B. Kennedy ; additional notes and editing, Mike Gould. |
| 260 ## - PUBLICATION, DISTRIBUTION, ETC. (IMPRINT) |
| Place of publication, distribution, etc |
London : |
| Name of publisher, distributor, etc |
Harper Press, |
| Date of publication, distribution, etc |
2011. |
| 300 ## - PHYSICAL DESCRIPTION |
| Extent |
260 pages. |
| 490 ## - SERIES STATEMENT |
| Series statement |
Collins classics |
| 600 ## - SUBJECT ADDED ENTRY--PERSONAL NAME |
| Personal name |
Macbeth, |
| Titles and other words associated with a name |
King of Scotland, |
| Dates associated with a name |
active 11th century |
| Form subdivision |
Drama. |
| 9 (RLIN) |
82810 |
| 600 ## - SUBJECT ADDED ENTRY--PERSONAL NAME |
| Personal name |
Macbeth, |
| Titles and other words associated with a name |
King of Scotland, |
| Dates associated with a name |
active 11th century |
| 9 (RLIN) |
87241 |
| 650 ## - SUBJECT ADDED ENTRY--TOPICAL TERM |
| Topical term or geographic name as entry element |
Kings and rulers |
| General subdivision |
Succession |
| Form subdivision |
Drama. |
| 9 (RLIN) |
87242 |
| 650 ## - SUBJECT ADDED ENTRY--TOPICAL TERM |
| Topical term or geographic name as entry element |
Regicides |
| Form subdivision |
Drama. |
| 9 (RLIN) |
5850 |
| 650 ## - SUBJECT ADDED ENTRY--TOPICAL TERM |
| Topical term or geographic name as entry element |
Fate and fatalism |
| Form subdivision |
Fiction. |
| 9 (RLIN) |
1123 |
| 650 ## - SUBJECT ADDED ENTRY--TOPICAL TERM |
| Topical term or geographic name as entry element |
Free will and determinism. |
| 9 (RLIN) |
70437 |
| 650 ## - SUBJECT ADDED ENTRY--TOPICAL TERM |
| Topical term or geographic name as entry element |
Witches |
| General subdivision |
Fiction. |
| 9 (RLIN) |
48937 |
| 650 ## - SUBJECT ADDED ENTRY--TOPICAL TERM |
| Topical term or geographic name as entry element |
Good and Evil |
| 9 (RLIN) |
99 |
| 651 ## - SUBJECT ADDED ENTRY--GEOGRAPHIC NAME |
| Geographic name |
Scotland |
| Form subdivision |
Drama. |
| 9 (RLIN) |
87243 |
| 655 #7 - INDEX TERM--GENRE/FORM |
| Genre/form data or focus term |
Drama. |
| Source of term |
fast |
| 9 (RLIN) |
87244 |
| 655 #4 - INDEX TERM--GENRE/FORM |
| Genre/form data or focus term |
Electronic books. |
| 700 ## - ADDED ENTRY--PERSONAL NAME |
| Personal name |
Kennedy, R. B. |
| Fuller form of name |
(Roy Bayley), |
| Dates associated with a name |
1922- |
| 9 (RLIN) |
87245 |
| 700 ## - ADDED ENTRY--PERSONAL NAME |
| Personal name |
Gould, Mike. |
| 9 (RLIN) |
87246 |
| 942 ## - ADDED ENTRY ELEMENTS (KOHA) |
| Source of classification or shelving scheme |
|
| Koha item type |
Book |